000 00430nam a22001697a 4500
005 20251108171840.0
008 250721s1991 xx 000 0 ara d
082 1 4 _a618.2/ماه
100 1 _aمهران، ماهر
245 1 0 _aفي عيادة أمراض النساء /
264 1 _aالقاهرة :
_c1991.
300 _a151ص
650 1 7 _aالحمل
650 1 7 _aالولادة
942 _2ddc
_cBK
999 _c64190
_d64190